Statistics for MCU star billing cast

Click here to take the quiz!

General Stats

  • This quiz has been taken 26 times
    (10 since last reset)
  • The average score is 112 of 456

Answer Stats

HintAnswer% Correct
Iron ManRobert Downey JrTony Stark
100%
Captain America: The First AvengerChris EvansSteve Rogers
88%
ThorChris HemsworthThor
88%
Iron Man 2Don CheadleJames Rhodes
88%
The Incredible HulkEdward NortonBruce Banner
88%
Iron ManGwyneth PaltrowPepper Potts
88%
The AvengersMark RuffaloBruce Banner
88%
Iron Man 2Samuel L. JacksonNick Fury
88%
Iron Man 2Scarlett JohanssonNatasha Romanoff
88%
The Incredible HulkWilliam HurtThunderbolt Ross
88%
Spider-Man: No Way HomeAlfred MolinaOtto Octavius
75%
Spider-Man: No Way HomeAndrew GarfieldPeter Parker
75%
Black PantherAngela BassettRamonda
75%
ThorAnthony HopkinsOdin
75%
Captain America: The Winter SoldierAnthony MackieSam Wilson
75%
Doctor StrangeBenedict CumberbatchStephen Strange
75%
Doctor StrangeBenedict WongWong
75%
Guardians of the GalaxyBradley CooperRocket Raccoon
75%
Captain America: Civil WarChadwick BosemanT’Challa
75%
Guardians of the GalaxyChris PrattPeter Quill
75%
Captain America: The First AvengerDominic CooperHoward Stark
75%
Avengers: Age of UltronElizabeth OlsenWanda Maximoff
75%
Ant-ManEvangeline LillyHope van Dyne
75%
Iron FistFinn JonesDanny Rand
75%
Black WidowFlorence PughYelena Belova
75%
Captain America: The First AvengerHayley AtwellPeggy Carter
75%
The AvengersJeremy RennerClint Barton
75%
She-Hulk: Attorney at LawJon BassTodd Phelps
75%
Iron Man 3Jon FavreauHappy Hogan
75%
Black PantherLupita Nyong'oNakia
75%
Captain America: Civil WarMarisa TomeiMay Parker
75%
Black PantherMichael B. JordanKillmonger Stevens
75%
Ant-ManMichael DouglasHank Pym
75%
Ant-Man and the WaspMichelle PfeifferJanet van Dyne
75%
Avengers: Age of UltronPaul BettanyVision
75%
Ant-ManPaul RuddScott Lang
75%
Captain America: The First AvengerSebastian StanBucky Barnes
75%
Jessica JonesTiffany MackZaya Okonjo
75%
Doctor StrangeTilda SwintonAncient One
75%
Spider-Man: No Way HomeTobey MaguirePeter Parker
75%
Captain America: The First AvengerToby JonesArnim Zola
75%
ThorTom HiddlestonLoki
75%
Captain America: Civil WarTom HollandPeter Parker
75%
Captain America: The First AvengerTommy Lee JonesChester Phillips
75%
Guardians of the GalaxyVin DieselGroot
75%
Spider-Man: HomecomingZendayaMJ Jones
75%
Guardians of the GalaxyBenicio del ToroTaneleer Tivan
63%
Iron Man 3Ben KingsleyTrevor Slattery
63%
EternalsBill SkarsgardKro
63%
Captain MarvelBrie LarsonCarol Danvers
63%
Thor: RagnarokCate BlanchettHela
63%
Thor: Love and ThunderChristian BaleGorr
63%
Iron ManClark GreggPhil Coulson
63%
The AvengersCobie SmuldersMaria Hill
63%
Shang-Chi and the Legend of the Ten RingsDallas LiuRuihua Chen
63%
Guardians of the GalaxyDave BautistaDrax
63%
Black WidowDavid HarbourAlexei Shostakov
63%
Black PantherForest WhitakerZuri
63%
HawkeyeFra FreeKazi Kazimierczak
63%
Iron Man 3Guy PearceAldrich Killian
63%
ThorIdris ElbaHeimdall
63%
Avengers: Age of UltronJames SpaderUltron
63%
Spider-Man: No Way HomeJamie FoxxMax Dillon
63%
Iron ManJeff BridgesObadiah Stane
63%
What If...?Jeffrey WrightUatu
63%
Iron Man 2John SlatteryHoward Stark
63%
Avengers: Infinity WarJosh BrolinThanos
63%
Captain MarvelJude LawYon-Rogg
63%
ThorKat DenningsDarcy Lewis
63%
WandaVisionKathryn HahnAgatha Harkness
63%
The Guardians of the Galaxy Holiday SpecialKevin BaconKevin Bacon
63%
Guardians of the Galaxy Vol. 2Kurt RussellEgo
63%
Black PantherLetitia WrightShuri
63%
Avengers: Age of UltronLinda CardelliniLaura Barton
63%
The Incredible HulkLiv TylerBetty Ross
63%
Captain America: Civil WarMartin FreemanEverett Ross
63%
Iron Man 2Mickey RourkeIvan Vanko
63%
ThorNatalie PortmanJane Foster
63%
LokiOwen WilsonMobius
63%
Avengers: Infinity WarPeter DinklageEitri
63%
Doctor StrangeRachel McAdamsChristine Palmer
63%
ThorRene RussoFrigga
63%
Captain America: The Winter SoldierRobert RedfordAlexander Pierce
63%
Iron Man 2Sam RockwellJustin Hammer
63%
Shang-Chi and the Legend of the Ten RingsSimu LiuShang-Chi
63%
ThorStellan SkarsgardErik Selvig
63%
Iron ManTerrence HowardJames Rhodes
63%
Thor: RagnarokTessa ThompsonValkyrie
63%
Spider-Man: No Way HomeWillem DafoeNorman Osborn
63%
Guardians of the GalaxyZoe SaldanaGamora
63%
Avengers: Age of UltronAaron Taylor-JohnsonPietro Maximoff
50%
HawkeyeAlaqua CoxMaya Lopez
50%
Cloak & DaggerAndrea RothMelissa Bowen
50%
Black PantherAndy SerkisUlysses Klaue
50%
EternalsAngelina JolieThena
50%
Shang-Chi and the Legend of the Ten RingsAwkwafinaKaty Chen
50%
DaredevilCharlie CoxMatt Murdock
50%
Doctor StrangeChiwetel EjioforKarl Mordo
50%
Black PantherDanai GuriraOkoye
50%
Spider-Man: HomecomingDonald GloverAaron Davis
50%
Captain America: The Winter SoldierEmily VanCampSharon Carter
50%
Moon KnightEthan HawkeArthur Harrow
50%
WandaVisionEvan PetersRalph Bohner
50%
HawkeyeHailee SteinfeldKate Bishop
50%
Captain America: The First AvengerHugo WeavingJohann Schmidt
50%
Spider-Man: HomecomingJacob BatalonNed Leeds
50%
Spider-Man: Far From HomeJake GyllenhaalQuentin Beck
50%
What If...?Josh KeatonSteve Rogers
50%
Guardians of the GalaxyKaren GillanNebula
50%
Ant-Man and the WaspLaurence FishburneBill Foster
50%
She-Hulk: Attorney at LawMegan Thee StallionMegan Thee Stallion
50%
Spider-Man: HomecomingMichael KeatonAdrian Toomes
50%
Guardians of the GalaxyMichael RookerYondu Udonta
50%
Moon KnightOscar IsaacMarc Spector
50%
Guardians of the Galaxy Vol. 2Pom KlementieffMantis
50%
Black WidowRachel WeiszMelina Vostokoff
50%
Thor: Love and ThunderRussell CroweZeus
50%
EternalsSalma HayekAjak
50%
Guardians of the GalaxySean GunnKraglin Obfonteri
50%
Avengers: EndgameTaika WaititiKorg
50%
The Incredible HulkTim RothEmil Blonsky
50%
The Incredible HulkTy BurrellLeonard Samson
50%
Black PantherWinston DukeM’Baku
50%
Doctor Strange in the Multiverse of MadnessXochitl GomezAmerica Chavez
50%
Thor: The Dark WorldZachary LeviFandral
50%
Captain MarvelAnnette BeningMar-Vell
38%
EternalsBarry KeoghanDruig
38%
EternalsBrian Tyree HenryPhastos
38%
Avengers: Infinity WarCarrie CoonProxima Midnight
38%
Captain America: Civil WarDaniel BruhlHelmut Zemo
38%
EternalsDon LeeGilgamesh
38%
Shang-Chi and the Legend of the Ten RingsFala ChenLi
38%
Black PantherFlorence KasumbaAyo
38%
Captain America: The Winter SoldierFrank GrilloBrock Rumlow
38%
Captain MarvelGemma ChanMinn-Erva / Sersi
38%
Guardians of the GalaxyGlenn CloseIrani Rael
38%
Agents of S.H.I.E.L.D.Henry SimmonsMack Mackenzie
38%
Ms. MarvelIman VellaniKamala Khan
38%
LokiJack VealKid Loki
38%
ThorJaimie AlexanderSif
38%
Guardians of the GalaxyJohn C. ReillyRhomann Dey
38%
DaredevilJon BernthalFrank Castle
38%
Jessica JonesKrysten RitterJessica Jones
38%
EternalsLauren RidloffMakkari
38%
Guardians of the GalaxyLee PaceRonan
38%
Iron ManLeslie BibbChristine Everhart
38%
EternalsLia McHughSprite
38%
Ant-ManMichael PenaLuis
38%
Shang-Chi and the Legend of the Ten RingsMichelle YeohNan
38%
EternalsRichard MaddenIkaris
38%
She-Hulk: Attorney at LawTatiana MaslanyJen Walters
38%
Jessica JonesTerry ChenPryce Cheng
38%
WandaVisionTeyonah ParrisMonica Rambeau
38%
DaredevilVincent D'OnofrioWilson Fisk
38%
Spider-Man: HomecomingAngourie RiceBetty Brant
25%
The PunisherBen BarnesBilly Russo
25%
Ant-ManBobby CannavaleJim Paxton
25%
Agents of S.H.I.E.L.D.Brett DaltonGrant Ward
25%
Black PantherDaniel KaluuyaW’Kabi
25%
DaredevilDeborah Ann WollKaren Page
25%
WandaVisionDebra Jo RuppSharon Davis
25%
Guardians of the GalaxyDjimon HounsouKorath
25%
Black Panther: Wakanda ForeverDominique ThorneRiri Williams
25%
Guardians of the Galaxy Vol. 2Elizabeth DebickiAyesha
25%
Moon KnightF. Murray AbrahamKhonshu
25%
Captain America: The Winter SoldierGeorges St-PierreGeorges Batroc
25%
Thor: RagnarokJeff GoldblumEn Dwi Gast
25%
The Falcon and the Winter SoldierJulia Louis-DreyfusValentina Allegra de Fontaine
25%
Thor: RagnarokKarl UrbanSkurge
25%
Captain America: The First AvengerKenneth ChoiJim Morita / Principal Morita
25%
EternalsKit HaringtonDane Whitman
25%
EternalsKumail NanjianiKingo
25%
What If...?Lake BellNatasha Romanoff / Doctor Graham
25%
Captain MarvelLashana LynchMaria Rambeau
25%
Doctor StrangeMads MikkelsenKaecilius
25%
Spider-Man: HomecomingMartin StarrRoger Harrington
25%
Captain America: The Winter SoldierMaximiliano HernandezJasper Sitwell
25%
Captain MarvelMckenna GraceCarol Danvers
25%
Black Panther: Wakanda ForeverMichaela CoelAneka
25%
Jessica JonesMike ColterLuke Cage
25%
Agents of S.H.I.E.L.D.Ming-Na WenMelinda May
25%
Captain America: The First AvengerNeal McDonoughDum Dum Dugan
25%
Cloak & DaggerOlivia HoltTandy Bowen
25%
Black WidowO-T FagbenleRick Mason
25%
Jessica JonesRachael TaylorTrish Walker
25%
Ant-Man and the WaspRandall ParkJimmy Woo
25%
ThorRay StevensonVolstagg
25%
DaredevilRosario DawsonClaire Temple
25%
LokiSophia Di MartinoSylvie
25%
Captain America: The First AvengerStanley TucciAbraham Erskine
25%
Black PantherSterling K. BrownN’Jobu
25%
Guardians of the Galaxy Vol. 2Sylvester StalloneStakar Ogord
25%
LokiTara StrongMiss Minutes
25%
HawkeyeTony DaltonJack Duquesne
25%
Spider-Man: HomecomingTony RevoloriFlash Thompson
25%
HawkeyeVera FarmigaEleanor Bishop
25%
Agents of S.H.I.E.L.D.Adrianne PalickiBobbi Morse
13%
InhumansAnson MountBlack Bolt
13%
Doctor StrangeBenjamin BrattJonathan Pangborn
13%
Jessica JonesBenjamin WalkerErik Gelden
13%
Captain MarvelBen MendelsohnTalos
13%
HawkeyeBrian d'Arcy JamesDerek Bishop
13%
Jessica JonesCarrie-Anne MossJeri Hogarth
13%
Agent CarterChad Michael MurrayJack Thompson
13%
Captain America: The Winter SoldierChin HanCouncilman Yen
13%
Agents of S.H.I.E.L.D.Chloe BennetDaisy Johnson
13%
Guardians of the Galaxy Vol. 2Chris SullivanTaserface
13%
Thor: The Dark WorldChristopher EcclestonMalekith
13%
ThorColm FeoreLaufey
13%
Ant-ManCorey StollDarren Cross
13%
The Falcon and the Winter SoldierDanny RamirezJoaquin Torres
13%
Jessica JonesDavid TennantKilgrave Thompson
13%
Agents of S.H.I.E.L.D.Elizabeth HenstridgeJemma Simmons
13%
HelstromElizabeth MarvelVictoria Helstrom
13%
DaredevilElodie YungElektra Natchios
13%
The Falcon and the Winter SoldierErin KellymanKarli Morgenthau
13%
Ms. MarvelFawad KhanHasan
13%
Werewolf By NightGael Garcia BernalJack Russell
13%
Spider-Man: HomecomingGarcelle BeauvaisDoris Toomes
13%
RunawaysGregg SulkinChase Stein
13%
LokiGugu Mbatha-RawRavonna Renslayer
13%
Ant-Man and the WaspHannah John-KamenAva Starr
13%
EternalsHarish PatelKarun Patel
13%
Werewolf By NightHarriet Sansom HarrisVerussa Bloodstone
13%
Avengers: EndgameHiroyuki SanadaAkihiko
13%
Agents of S.H.I.E.L.D.Iain De CaesteckerLeo Fitz
13%
She-Hulk: Attorney at LawJameela JamilMary MacPherran
13%
Agent CarterJames D'ArcyEdwin Jarvis
13%
Spider-Man: Far From HomeJ.B. SmooveJulius Dell
13%
Agents of S.H.I.E.L.D.Jeff WardDeke Shaw
13%
The AvengersJenny AgutterPamela Hawley
13%
Agents of S.H.I.E.L.D.John HannahHolden Radcliffe
13%
The PunisherJosh StewartJohn Pilgrim
13%
ThorJoshua DallasFandral
13%
Jessica JonesJ.R. RamirezOscar Arocho
13%
Ant-ManJudy GreerMaggie Lang
13%
InhumansKen LeungKarnak
13%
Spider-Man: HomecomingLaura HarrierLiz Toomes
13%
Spider-Man: HomecomingLogan Marshall-GreenMontana Brice
13%
Agents of S.H.I.E.L.D.Luke MitchellLincoln Campbell
13%
Ms. MarvelMatt LintzBruno Carrelli
13%
Moon KnightMay CalamawyLayla El-Faoudy
13%
Shang-Chi and the Legend of the Ten RingsMeng'er ZhangXialing
13%
Spider-Man: HomecomingMichael MandoMac Gargan
13%
Avengers: Infinity WarMichael ShawCorvus Glaive
13%
Iron Man 3Miguel FerrerVice President Rodriguez
13%
Agents of S.H.I.E.L.D.Natalia Cordova-BuckleyYo-Yo Rodriguez
13%
Agents of S.H.I.E.L.D.Nick BloodLance Hunter
13%
Black WidowOlga KurylenkoAntonia Dreykov
13%
Iron FistRamon RodriguezBakuto
13%
Black WidowRay WinstoneGeneral Dreykov
13%
Iron Man 3Rebecca HallMaya Hansen
13%
She-Hulk: Attorney at LawRenee Elise GoldsberryMallory Book
13%
What If...?Ross MarquandJohann Schmidt
13%
What If...?Seth GreenHoward
13%
The DefendersSigourney WeaverAlexandra Reid
13%
Iron Man 3Stephanie SzostakEllen Brandt
13%
Avengers: Infinity WarTerry NotaryCull Obsidian
13%
The Incredible HulkTim Blake NelsonSamuel Sterns
13%
Ant-ManTip "T.I." HarrisDave
13%
Avengers: Infinity WarTom Vaughan-LawlorEbony Maw
13%
Shang-Chi and the Legend of the Ten RingsTony LeungWenwu
13%
Spider-Man: HomecomingTyne DalyAnne Marie Hoag
13%
Iron Man 3Ty SimpkinsHarley Keener
13%
DaredevilVondie Curtis-HallBen Urich
13%
Ant-Man and the WaspWalton GogginsSonny Burch
13%
Ant-ManWood HarrisGale
13%
LokiWunmi MosakuHunter B-15
13%
The Falcon and the Winter SoldierWyatt RussellJohn Walker
13%
Shang-Chi and the Legend of the Ten RingsYuen WahGuang Bo
13%
Ant-ManAbby Ryder FortsonCassie Lang
0%
Spider-Man: HomecomingAbraham AttahAbe Brown
0%
Ms. MarvelAdaku OnonogboFariha
0%
Doctor Strange in the Multiverse of MadnessAdam HugillRintrah
0%
The Falcon and the Winter SoldierAdepero OduyeSarah Wilson
0%
Thor: The Dark WorldAdewale Akinnuoye-AgbajeAlgrim
0%
HelstromAlain UyChris Yen
0%
Captain America: The Winter SoldierAlan DaleCouncilman Rockwell
0%
HawkeyeAleks PaunovicIvan Banionis
0%
What If...?Alexandra DanielsCarol Danvers
0%
Black Panther: Wakanda ForeverAlex LivinalliAttuma
0%
Luke CageAlfre WoodardMariah Dillard
0%
Captain MarvelAlgenis Perez SotoAtt-Lass
0%
Iron FistAlice EveMary Walker
0%
Thor: The Dark WorldAlice KrigeEir
0%
RunawaysAllegra AcostaMolly Hernandez
0%
Ms. MarvelAlysia ReinerSadie Deever
0%
The PunisherAmber Rose RevahDinah Madani
0%
RunawaysAngel ParkerCatherine Wilder
0%
Moon KnightAnn AkinjirinBobbi Kennedy
0%
RunawaysAnnie WerschingLeslie Dean
0%
Moon KnightAntonia SalibTaweret
0%
Ms. MarvelAramis KnightKareem
0%
HelstromAriana GuerraGabriella Rosetti
0%
Spider-Man: No Way HomeArian MoayedP. Cleary
0%
RunawaysAriela BarerGert Yorkes
0%
Cloak & DaggerAubrey JosephTyrone Johnson
0%
DaredevilAyelet ZurerVanessa Marianna
0%
Ms. MarvelAzhar UsmanNajaf
0%
Captain America: The Winter SoldierBernard WhiteCouncilman Singh
0%
Iron ManBill SmitrovitchWilliam Gabriel
0%
DaredevilBob GuntonLeland Owlsley
0%
Spider-Man: HomecomingBokeem WoodbineHerman Schultz
0%
What If...?Bradley WhitfordJohn Flynn
0%
She-Hulk: Attorney at LawBrandon StanleyEugene Patilio
0%
RunawaysBrigid BrannaghStacey Yorkes
0%
RunawaysBrittany IshibashiTina Minoru
0%
Captain America: The First AvengerBruno RicciJacques Dernier
0%
Captain America: The Winter SoldierCallan MulveyJack Rollins
0%
Cloak & DaggerCarl LundstedtLiam Walsh
0%
Thor: The Dark WorldChris O'DowdRichard Madison
0%
The Incredible HulkChristina CabotKathleen Sparr
0%
Guardians of the GalaxyChristopher FairbankBroker
0%
RunawaysClarissa ThibeauxXavin
0%
Avengers: Age of UltronClaudia KimHelen Cho
0%
Black Panther: Wakanda ForeverConnie ChiumeZawavari
0%
Iron Man 3Dale DickeyMrs Davis
0%
Black Panther: Wakanda ForeverDaniel SapaniM’Kathu
0%
The PunisherDaniel WebberLewis Wilson
0%
What If...?Darrell HammondGeneral Roeder
0%
Ant-ManDavid DastmalchianKurt Goreshter
0%
Moon KnightDavid GanlyBilly Fitzgerald
0%
Iron FistDavid WenhamHarold Meachum
0%
LokiDeOpia OpareiBoastful Loki
0%
Captain America: The First AvengerDerek LukeGabe Jones
0%
She-Hulk: Attorney at LawDrew MatthewsDennis Bukowski
0%
The PunisherEbon Moss-BachrachDavid Lieberman
0%
Jessica JonesEka DarvilleMalcolm Ducasse
0%
DaredevilElden HensonFoggy Nelson
0%
InhumansEllen WoglomLouise Fisher
0%
InhumansEme IkwuakorGorgon
0%
Cloak & DaggerEmma LahanaBrigid O’Reilly
0%
Agent CarterEnver GjokajDaniel Sousa
0%
Luke CageErik LaRay HarveyWillis Stryker
0%
Jessica JonesErin MoriartyHope Shlottman
0%
LokiEugene CorderoCasey
0%
RunawaysEver CarradineJanet Stein
0%
Iron ManFaran TahirRaza Hamidmi Al-Wazar
0%
Moon KnightFernanda AndradeWendy Spector
0%
The PunisherFloriana LimaKrista Dumont
0%
Shang-Chi and the Legend of the Ten RingsFlorian MunteanuRazor Fist
0%
WandaVisionFred MelamedTodd Davis
0%
Luke CageGabrielle DennisTilda Johnson
0%
She-Hulk: Attorney at LawGinger GonzagaNikki Ramos
0%
The PunisherGiorgia WhighamAmy Bendix
0%
Cloak & DaggerGloria ReubenAdina Johnson
0%
She-Hulk: Attorney at LawGriffin MatthewsLuke Jacobson
0%
Spider-Man: HomecomingHannibal BuressAndre Wilson
0%
What If...?Hudson ThamesPeter Parker
0%
What If...?Ike AmadiO’Bengh
0%
Black Panther: Wakanda ForeverIsaach De BankoleRiver Tribe Elder
0%
InhumansIsabelle CornishCrystal
0%
InhumansIwan RheonMaximus
0%
The PunisherJaime Ray NewmanSarah Lieberman
0%
Cloak & DaggerJaime ZevallosFrancis Xavier Delgado
0%
Iron Man 3James Badge DaleEric Savin
0%
RunawaysJames MarstersVictor Stein
0%
RunawaysJames YaegashiRobert Minoru
0%
Jessica JonesJanet McTeerAlisa Jones
0%
The PunisherJason R. MooreCurtis Hoyle
0%
DaredevilJay AliRay Nadeem
0%
Cloak & DaggerJ.D. EvermoreJames Connors
0%
Jessica JonesJeremy BobbGregory Sallinger
0%
The AvengersJerzy SkolimowskiGeorgi Luchkov
0%
Iron FistJessica HenwickColleen Wing
0%
Iron FistJessica StroupJoy Meachum
0%
Doctor Strange in the Multiverse of MadnessJett KlyneTommy Maximoff
0%
Captain America: The First AvengerJJ FeildJames Montgomery Falsworth
0%
DaredevilJoanne WhalleyMaggie Grace
0%
Black PantherJohn KaniT’Chaka
0%
She-Hulk: Attorney at LawJosh SegarraPug Pugliese
0%
Doctor Strange in the Multiverse of MadnessJulian HilliardBilly Maximoff
0%
RunawaysJulian McMahonJonah
0%
HelstromJune CarrylLouise Hastings
0%
Moon KnightKarim El HakimKhonshu
0%
RunawaysKevin WeismanDale Yorkes
0%
Moon KnightKhalid AbdallaSelim
0%
Thor: Love and ThunderKieron L. DyerAxl
0%
RunawaysKip PardueFrank Dean
0%
Ms. MarvelLaith NakliSheikh Abdullah
0%
Werewolf By NightLaura DonnellyElsa Bloodstone
0%
Guardians of the GalaxyLaura HaddockMeredith Quill
0%
Ms. MarvelLaurel MarsdenZoe Zimmer
0%
Jessica JonesLeah GibsonInez Green
0%
RunawaysLyrica OkanoNico Minoru
0%
Black Panther: Wakanda ForeverMabel CadenaNamora
0%
Luke CageMahershala AliCottonmouth Stokes
0%
She-Hulk: Attorney at LawMark Linn-BakerMorris Walters
0%
Ant-ManMartin DonovanMitchell Carson
0%
Ms. MarvelMehwish HayatAisha
0%
Spider-Man: HomecomingMichael ChernusPhineas Mason
0%
The PunisherMichael NathansonSam Stein
0%
Doctor StrangeMichael StuhlbargNicodemus West
0%
What If...?Mick WingertTony Stark
0%
Cloak & DaggerMiles MussendenOtis Johnson
0%
Ms. MarvelMohan KapurYusuf Khan
0%
Luke CageMustafa ShakirJohn McIver
0%
Ms. MarvelNimra BuchaNajma
0%
Spider-Man: Far From HomeNuman AcarDimitri Smerdyakov
0%
What If...?Ophelia LovibondCarina
0%
She-Hulk: Attorney at LawPatti HarrisonLulu
0%
Spider-Man: No Way HomePaula NewsomeVice Chancellor
0%
The PunisherPaul SchulzeWilliam Rawlins
0%
Guardians of the GalaxyPeter SerafinowiczGarthan Saal
0%
HawkeyePiotr AdamczykTomas Delgado
0%
What If...?Rachel HouseTopaz
0%
Spider-Man: Far From HomeRemy HiiBrad Davis
0%
Moon KnightRey LucasElias Spector
0%
RunawaysRhenzy FelizAlex Wilder
0%
She-Hulk: Attorney at LawRhys CoiroDonny Blaze
0%
Captain America: The First AvengerRichard ArmitageHeinz Kruger
0%
Ms. MarvelRish ShahKamran
0%
Black Panther: Wakanda ForeverRobert John BurkeSmitty
0%
HelstromRobert WisdomCaretaker
0%
Shang-Chi and the Legend of the Ten RingsRonny ChiengJon-Jon
0%
Captain MarvelRune TemteBron-Char
0%
RunawaysRyan SandsGeoffrey Wilder
0%
Ms. MarvelSaagar ShaikhAamir Khan
0%
Moon KnightSaba MubarakAmmit
0%
Iron FistSacha DhawanDavos
0%
Ms. MarvelSamina AhmedSana Ali
0%
Jessica JonesSarita ChowdhuryKith Lyonne
0%
LokiSasha LaneHunter C-20
0%
Iron ManSayed BadreyaAbu Bakaar
0%
Doctor StrangeScott AdkinsLucian Aster
0%
The DefendersScott GlennStick
0%
Spider-Man: HomecomingSelenis LevyaMonica Warren
0%
InhumansSerinda SwanMedusa
0%
Iron ManShaun ToubHo Yinsen
0%
Agent CarterShea WhighamRoger Dooley
0%
Doctor Strange in the Multiverse of MadnessSheila AtimSara
0%
HawkeyeSimon CallowArmand Duquesne
0%
Luke CageSimone MissickMisty Knight
0%
Thor: Love and ThunderSimon Russell BealeDionysus
0%
Moon KnightSofia DanuAmmit
0%
DaredevilStephen RiderBlake Tower
0%
She-Hulk: Attorney at LawSteve CoulterHolden Holliway
0%
HelstromSydney LemmonAna Helstrom
0%
ThorTadanobu AsanoHogun
0%
Black Panther: Wakanda ForeverTenoch Huerta MejiaNamor
0%
She-Hulk: Attorney at LawTess Malis KincaidElaine Walters
0%
Luke CageTheo RossiShades Alvarez
0%
Avengers: Age of UltronThomas KretschmannWolfgang Von Strucker
0%
DaredevilToby Leonard MooreJames Wesley
0%
HelstromTom AustenDaimon Helstrom
0%
Guardians of the Galaxy Vol. 2Tommy FlanaganTullk Ul-Zyn
0%
Iron FistTom PelphreyWard Meachum
0%
Ms. MarvelTravina SpringerTyesha Hillman
0%
RunawaysVirginia GardnerKarolina Dean
0%
Iron Man 3William SadlerMatthew Ellis
0%
DaredevilWilson BethelDex Poindexter
0%
Jessica JonesWil TravalWill Simpson
0%
Ms. MarvelYasmeen FletcherNakia Bahadir
0%
Shang-Chi and the Legend of the Ten RingsZach CherryKlev
0%
HawkeyeZahn McClarnonWilliam Lopez
0%
Ms. MarvelZenobia ShroffMuneeba Khan
0%

Score Distribution

Percentile by Number Answered

Percent of People with Each Score

Your Score History

You have not taken this quiz since the last reset